Essential statistics for applied linguistics / (Record no. 22485)

MARC details
000 -LEADER
fixed length control field 02487cam a22003495a 4500
001 - CONTROL NUMBER
control field 17360705
003 - CONTROL NUMBER IDENTIFIER
control field EG-ScBUE
005 - DATE AND TIME OF LATEST TRANSACTION
control field 20220512132912.0
008 - FIXED-LENGTH DATA ELEMENTS--GENERAL INFORMATION
fixed length control field 120625s2013 enka f b 001 0 eng d
020 ## - INTERNATIONAL STANDARD BOOK NUMBER
International Standard Book Number 9780230304819
040 ## - CATALOGING SOURCE
Original cataloging agency DLC
Language of cataloging eng
Description conventions rda
Transcribing agency DLC
Modifying agency EG-ScBUE
082 04 - DEWEY DECIMAL CLASSIFICATION NUMBER
Edition number 22
Classification number 418.0015195
Item number LOW
100 1# - MAIN ENTRY--PERSONAL NAME
Personal name Lowie, Wander,‏ ‎
Dates associated with a name 1959-‏
Relator term author.
9 (RLIN) 41388
245 10 - TITLE STATEMENT
Title Essential statistics for applied linguistics /
Statement of responsibility, etc Wander Lowie, University of Groningen, The Netherlands, University of the Free State, South Africa and Bregtje Seton, University of Groningen, The Netherlands.
264 #1 - PUBLICATION, DISTRIBUTION, ETC. (IMPRINT)
Place of publication, distribution, etc Hampshire ;
-- New York :
Name of publisher, distributor, etc Palgrave Macmillan,
Date of publication, distribution, etc 2013.
300 ## - PHYSICAL DESCRIPTION
Extent xiv, 157 pages :
Other physical details illustrations ;
Dimensions 24 cm
336 ## - CONTENT TYPE
Source rdacontent
Content type term text
Content type code txt
337 ## - MEDIA TYPE
Source rdamedia
Media type term unmediated
Media type code n
338 ## - CARRIER TYPE
Source rdacarrier
Carrier type term volume
Carrier type code nc
504 ## - BIBLIOGRAPHY, ETC. NOTE
Bibliography, etc Includes bibliographical references and index.<br/>
505 ## - FORMATTED CONTENTS NOTE
Formatted contents note pt. 1: The basics: 1. Types of research -- 2. Systematicity in statistics: Variables -- 3. Descriptive statistics -- 4. Statistical logic -- 5. Doing statistics: From theory to practice -- 6. Common statistics for applied linguistics -- 7. Conclusion. --<br/>pt. 2. How to SPSS: How to do descriptive statistics ; How to check assumptions ; How to do a t-test ; How to do a one-way ANOVA ; How to do a two-way ANOVA ; How to do a correlation analysis ; How to do a simple regression analysis ; How to do a chi-square analysis. -- pt. 3. SPSS practicals. Exploring SPSS and entering variables ; Descriptive statistics ; Calculations using SPSS ; Inductive statistics ; Miscellaneous assignments ; Miscellaneous assignments (revision).
520 ## - SUMMARY, ETC.
Summary, etc "An accessible introduction to statistics and methodology for students of (Applied) Linguistics. Assuming no prior knowledge of statistics, the authors take an activity-based approach, focusing on the application of statistics and helping students to understand why statistical analyses are needed. Includes How-To sections and exercises throughout." -- Publisher's website.
650 #7 - SUBJECT ADDED ENTRY--TOPICAL TERM
Topical term or geographic name as entry element Applied linguistics
General subdivision Statistical methods.
Source of heading or term BUEsh
9 (RLIN) 41387
650 #7 - SUBJECT ADDED ENTRY--TOPICAL TERM
Topical term or geographic name as entry element Applied linguistics
General subdivision Research.
Source of heading or term BUEsh
9 (RLIN) 40534
650 #7 - SUBJECT ADDED ENTRY--TOPICAL TERM
Topical term or geographic name as entry element Linguistics
General subdivision Statistical methods.
Source of heading or term BUEsh
9 (RLIN) 41184
650 #7 - SUBJECT ADDED ENTRY--TOPICAL TERM
Topical term or geographic name as entry element Computational linguistics.
Source of heading or term BUEsh
9 (RLIN) 4459
651 ## - SUBJECT ADDED ENTRY--GEOGRAPHIC NAME
Source of heading or term BUEsh
653 ## - INDEX TERM--UNCONTROLLED
Resource For college Humanities: English
Arrived date list October2016
655 ## - INDEX TERM--GENRE/FORM
Form subdivision Reading book
9 (RLIN) 34232
700 1# - ADDED ENTRY--PERSONAL NAME
Personal name Seton, Bregtje,‏ ‎
Dates associated with a name 1983-‏
Relator term author.
9 (RLIN) 41386
942 ## - ADDED ENTRY ELEMENTS (KOHA)
Source of classification or shelving scheme Dewey Decimal Classification
Edition 22
Call number prefix 418.0015195 LOW
Koha item type Book - Borrowing
Holdings
Withdrawn status Lost status Source of classification or shelving scheme Damaged status Not for loan Collection code Home library Current library Shelving location Date acquired Source of acquisition Cost, normal purchase price Serial Enumeration / chronology Total Checkouts Full call number Barcode Date last seen Cost, replacement price Price effective from Koha item type
    Dewey Decimal Classification     Baccah Central Library Central Library Second Floor 10/10/2016 Purchase 323.00 26103   418.0015195 LOW 000033462 15/07/2025 404.00 10/10/2016 Book - Borrowing